Informe equipo Guatemala /
Tallennettuna:
| Päätekijä: | |
|---|---|
| Muut tekijät: | |
| Aineistotyyppi: | Opinnäyte |
| Kieli: | Spanish |
| Julkaistu: |
s.l:
FLACSO
2001
|
| Aiheet: | |
| Tagit: |
Lisää tagi
Ei tageja, Lisää ensimmäinen tagi!
|
MARC
| LEADER | 00000 a a2200000 04500 | ||
|---|---|---|---|
| 001 | 37533 | ||
| 003 | cru CIDCACS/IIS | ||
| 005 | 20230613140658.0 | ||
| 008 | 230314e2001 cr ||||| |||| 00| 0 spa d | ||
| 040 | |a CRAI/IIS |c CRAI/IIS | ||
| 090 | |a CR-CIDCACS: extraviado | ||
| 100 | |a Escobar, Marco Tulio | ||
| 245 | |a Informe equipo Guatemala / |c Marco Tulio Escobar | ||
| 260 | |a s.l: |b FLACSO |c 2001 | ||
| 300 | |a 33 páginas | ||
| 502 | |a Tesis (Diplomado Superior en Investigación en Desarrollo Económico Local, Sede Académica Costa Rica) -- Facultad Latinoamericana de Ciencias Sociales, FLACSO, 2001 | ||
| 650 | 0 | |9 93 |a AGRICULTURA | |
| 650 | 0 | |9 26 |a SOCIEDAD | |
| 650 | 0 | |9 1265 |a TURISMO | |
| 650 | 0 | |9 91 |a FAMILIA | |
| 650 | 0 | |9 27 |a TRABAJO | |
| 651 | 0 | |9 142 |a GUATEMALA | |
| 700 | |a García, Iván |a Matute, Arturo |a Morales, Mauricio | ||
| 942 | |2 ddc |c LITG | ||
| 999 | |c 17983 |d 17983 | ||
